000 00633nam a2200181 i 4500
001 24646
003 ES-MaACL
005 20240119062955.0
007 t|
008 021218s1965 sp ||||1| spa d
100 0 _aAparicio López, Teófilo
_922070
245 1 0 _aMisioneros y colonizadores agustinos en Filipinas
_b: IV Centenario de la Evangelización de Filipinas /
_cTeófilo Aparicio López.
260 _aValladolid :
_b[s.n.,
_c1965] (
_fImp. Agustiniana)
300 _a424 p. ;
_c24 cm.
610 2 4 _aAgustinos-
_xMisiones-
_zFilipinas.
_9153038
852 _aES-MaACL
_jC-28081
_bR.57262
999 _c24646
_d24646